Porto Alegre de A a Z - Statistics

Estatísticas Gerais
  • Esse quiz foi jogado 166 vezes
    121 desde o último reset
  • A pontuação média é 16 de 26
Estatísticas das Respostas
Letra Dica Resposta % Correto
H Jornal de maior circulação. Zero ____ Hora
93%
G Clássico de futebol da cidade Grenal
92%
Q Poeta que tem seu quarto preservado na Casa de Cultura que leva seu nome. Mário _______ Quintana
81%
R Principal parque da cidade, famoso pelo brique de artesãos que recebe nos fins de semana Redenção
79%
D Nome do arroio que corta a cidade, canalizado entre as pistas da Avenida Ipiranga Dilúvio
77%
C Bairro historicamente negro, hoje região boêmia da cidade Cidade Baixa
75%
P Palácio sede do governo do estado, fica na Praça da Matriz Piratini
75%
F Ilha acessível pela Ponte do Guaíba, empresta seu nome a um curta-metragem dirigido por Jorge Furtado. Ilha das _____ Flores
73%
L Estátua que recebe quem chega à cidade, baseada no folclorista Paixão Côrtes Laçador
73%
M Bairro conhecido por suas opções de lazer como a Calçada da Fama e o Parcão Moinhos de Vento
73%
A Povo insular europeu considerado fundador da cidade Açorianos
71%
Z Rede de supermercados com forte presença na capital Zaffari
71%
E Intérprete de "Como Nossos Pais", moradora do IAPI Elis Regina
68%
N Padroeira da cidade, que no sincretismo tem seu par em Yemanjá. Nossa Senhora de _________ Navegantes
64%
B Bairro historicamente judeu, atualmente zona nobre Bom Fim
63%
V Companhia aérea fundada em 1927, absorvida pela Gol em 2007 Varig
61%
I Museu de arte com arquitetura contemporânea à beira do Guaíba Iberê Camargo
60%
Y Rua de bares e restaurantes no bairro Auxiliadora. Nova ____ York
58%
K Comediante porto-alegrense que interpreta o Guri de Uruguaiana, um típico gaúcho da fronteira. Jair ____ Kobe
46%
T Apelido de Osmar Fortes Barcellos, jogador de futebol que dá nome a um ginásio de esportes no extinto bairro da Ilhota, onde morava Tesourinha
46%
U Antiga planta termelétrica que forneceu energia à cidade até 1974 Usina do Gasômetro
44%
W Avenida no bairro Tristeza que homenageia líder da Revolução Federalista, morador da região Wenceslau Escobar
44%
S Morro com o ponto mais alto da cidade (311 m), compartilhado com o município de Viamão Santana
40%
O Mulher indígena lendária que dá nome a um viaduto na Zona Norte Obirici
25%
J Imigrante da Ilha da Madeira que recebeu uma Sesmaria da Coroa e fundou a primeira estância da região, em 1740 Jerônimo de Ornelas
13%
X Artista famoso por suas intervenções urbanas de temática indígena Xadalú
4%
Nenhum quiz correspondente encontrado
Distribuição das Pontuações
Porcentagem de Pessoas com Cada Pontuação
Percentil de Números Respondidos
Sua Pontuação Histórica
Você não jogou esse quiz desde o último reset